Films x diffusés sur Canal + en mort subite - Statistiques

Statistiques générales
  • Ce quiz a été pris 182 fois
  • Le résultat moyen est 4 sur 30
Answers on the Grid
Answers color-coded by a green-red scale on the quiz's grid according to % correct below.
Les dévoreuses
Embauche ou débauche ?
Megasexus
Les ravageuses à la ferme
Road movix
Rocco ne meurt jamais
The Uranus experiment
Les petites soubrettes du grand hôtel
La bergère et les ramoneurs
Sex and furious
Comment épouser son patron ?
Popaul Emploi
Dis-moi que tu m'aimes
Californique
Au lit avec Katsuni
Inglorious Bitches
Les Patientes du Docteur X
La Secrétaire fait des heures supp'
Bacchanales
Mai 68 en 69
Bruce d'Anus
Echange-moi
Carré de dames pour trois as
Liberté, égalité, sensualité
Mission XXX impossible
Un cigarillo dans la piscine
La machine à déboiter le temps
La maman de Bruce d'Anus
Les 12 coups de minuit
Les tontons tringleurs
Roboteub
Promotion sofa
Les 4 filles du docteur crache
Le plombier de l'extrême
Ali Baba et les 40 voleuses
L'arme fécale
Douce pédale
Princesse Sarah, la vraie histoire
C'est mon dernier mot Jean-Luc
Montcuq Express
 
Statistiques - réponses
Réponse % Correct
Mission XXX impossible
27%
Au lit avec Katsuni
23%
Rocco ne meurt jamais
23%
Les 12 coups de minuit
22%
Sex and furious
19%
Les tontons tringleurs
18%
Bruce d'Anus
17%
Mai 68 en 69
17%
Les Patientes du Docteur X
16%
La Secrétaire fait des heures supp'
12%
Liberté, égalité, sensualité
12%
Popaul Emploi
12%
Carré de dames pour trois as
11%
Comment épouser son patron ?
11%
Les dévoreuses
11%
Megasexus
11%
Bacchanales
10%
La maman de Bruce d'Anus
10%
Californique
9%
Inglorious Bitches
9%
La machine à déboiter le temps
9%
Les petites soubrettes du grand hôtel
9%
Echange-moi
8%
La bergère et les ramoneurs
8%
The Uranus experiment
8%
Les ravageuses à la ferme
7%
Road movix
7%
Embauche ou débauche ?
6%
Dis-moi que tu m'aimes
5%
Un cigarillo dans la piscine
3%
Aucun quiz correspondant
Distribution des résultats
% des personnes avec chaque résultat
Percentile par nombre de réponses
Votre historique - résultats
Vous n’avez pas pris ce quiz